[Event "Konik Morski Rewala OPEN A"]
[Site "Rewal"]
[Date "2007.08.29"]
[Round "9.17"]
[White "Bronowicki, Mateusz"]
[Black "Klekowski, Maciej"]
[Result "1/2-1/2"]
[WhiteElo "2274"]
[BlackElo "2118"]
[PlyCount "72"]
[EventDate "2007.??.??"]

1. d4 d5 2. c4 e6 3. Nc3 Nf6 4. Bg5 Be7 5. e3 h6 6. Bh4 b6 7. Nf3 Bb7 8. Rc1
O-O 9. cxd5 exd5 10. Bd3 c5 11. O-O Nbd7 12. Qe2 c4 13. Bb1 a6 14. Ne5 Re8 15.
Qc2 Nf8 16. f3 b5 17. a3 N6d7 18. Nxd7 Qxd7 19. Bf2 a5 20. e4 b4 21. axb4 axb4
22. Nxd5 Bxd5 23. exd5 Bg5 24. Rce1 Qxd5 25. Rxe8 Rxe8 26. Qa4 Re2 27. Qxb4
Rxf2 28. Rxf2 Be3 29. Qc5 Qb7 30. Qa3 Bxd4 31. Kf1 Bxf2 32. Kxf2 Qb6+ 33. Kf1
Qd4 34. Qc3 Qd1+ 35. Qe1 Qd4 36. Qc3 Qd1+ 1/2-1/2

[Event "Konik Morski Rewala OPEN A"]
[Site "Rewal"]
[Date "2007.08.29"]
[Round "9.18"]
[White "Gumula, Daniel"]
[Black "Krzyzanowski, Marcin"]
[Result "0-1"]
[WhiteElo "2387"]
[BlackElo "2206"]
[PlyCount "126"]
[EventDate "2007.??.??"]

1. d4 Nf6 2. c4 d6 3. Nc3 Nbd7 4. Nf3 g6 5. e4 Bg7 6. Be2 e5 7. O-O O-O 8. Re1
c6 9. Bf1 Qe7 10. Rb1 h6 11. b3 Nh5 12. Ba3 exd4 13. Nxd4 Nc5 14. Qd2 Qe5 15.
Rbd1 a5 16. Nde2 Rd8 17. f4 Nxf4 18. Nxf4 Qxc3 19. Bxc5 Qxd2 20. Rxd2 Bc3 21.
Red1 Bg4 22. Bd4 Bxd4+ 23. Rxd4 Bxd1 24. Rxd1 Re8 25. Rxd6 Rxe4 26. g3 Rae8 27.
Kf2 Re1 28. Rd2 Ra1 29. Ne2 Kg7 30. Bg2 Re5 31. Nc3 Rc1 32. Nd1 a4 33. Bf3 Ra5
34. b4 Ra8 35. Be2 a3 36. Bd3 Ra4 37. b5 cxb5 38. cxb5 Rb4 39. Ke2 Rc5 40. Ne3
Re5 41. Rc2 h5 42. Kd2 Rb2 43. Nc4 Rexb5 44. Nxa3 Rxc2+ 45. Nxc2 Ra5 46. a3 h4
47. Ke3 Kf6 48. Be4 b6 49. Kf4 g5+ 50. Ke3 hxg3 51. hxg3 Ke5 52. g4 Ra4 53. Bf5
Kd6 54. Kd3 Kc5 55. Kc3 b5 56. Kb3 Rf4 57. Ne1 Rf1 58. Nd3+ Kd4 59. Nb2 Rxf5
60. gxf5 g4 61. Nd1 g3 62. Nc3 Ke3 63. Nd5+ Kf3 0-1

[Event "Konik Morski Rewala OPEN A"]
[Site "Rewal"]
[Date "2007.08.29"]
[Round "9.19"]
[White "Krasenkova, Ilena"]
[Black "Philippe, Christophe"]
[Result "0-1"]
[WhiteElo "2224"]
[BlackElo "2368"]
[PlyCount "100"]
[EventDate "2007.??.??"]

1. d4 f5 2. Nc3 Nf6 3. Bg5 d5 4. Bxf6 exf6 5. e3 Be6 6. Bd3 Nc6 7. h4 h5 8. Nh3
Qd7 9. Nf4 Bf7 10. a3 Ne7 11. Qf3 O-O-O 12. b4 g5 13. Nfe2 Kb8 14. g3 Bh6 15.
b5 Bg6 16. Na4 b6 17. Nac3 f4 18. gxf4 Bxd3 19. cxd3 gxf4 20. Nxf4 Qf5 21. Nce2
Qd7 22. a4 Qd6 23. Kf1 Rdg8 24. Nxh5 f5 25. Nhf4 Qb4 26. Rg1 Rxg1+ 27. Kxg1
Bxf4 28. Nxf4 Qb2 29. Re1 Rxh4 30. Nxd5 Nxd5 31. Qxd5 Rh8 32. Qf3 Qb4 33. Rc1
Qxa4 34. Qxf5 Qa3 35. Rd1 Rf8 36. Qe5 Qa2 37. Qh2 Qe2 38. Rb1 Rg8+ 39. Qg3
Rxg3+ 40. fxg3 Qxe3+ 41. Kh2 Qxd3 42. Rg1 Qxb5 43. g4 Qg5 44. Kh3 a5 45. Rf1 a4
46. Rf5 Qe3+ 47. Kh4 a3 48. Rf1 a2 49. Ra1 Qf2+ 50. Kh5 Qb2 0-1

[Event "Konik Morski Rewala OPEN A"]
[Site "Rewal"]
[Date "2007.08.29"]
[Round "9.20"]
[White "Zierke, Oliver"]
[Black "Kubit, Tomasz"]
[Result "1-0"]
[WhiteElo "2302"]
[BlackElo "2198"]
[PlyCount "55"]
[EventDate "2007.??.??"]

1. d4 d5 2. c4 dxc4 3. Nf3 a6 4. e3 b5 5. a4 Bb7 6. b3 e6 7. bxc4 bxc4 8. Bxc4
Bb4+ 9. Bd2 Bxd2+ 10. Nbxd2 Nd7 11. a5 Ngf6 12. O-O O-O 13. Qb3 Bd5 14. Rfc1 c6
15. Qd3 Qc7 16. e4 Bxc4 17. Rxc4 e5 18. d5 c5 19. Rcc1 Rfb8 20. Nc4 Ne8 21. d6
Qc6 22. Nfxe5 Nxe5 23. Nxe5 Qxd6 24. Qxd6 Nxd6 25. Nd7 Rb4 26. Nxc5 Nxe4 27.
Nxa6 Rb5 28. Nc7 1-0

[Event "Konik Morski Rewala OPEN A"]
[Site "Rewal"]
[Date "2007.08.29"]
[Round "9.21"]
[White "Chojnacki, Slawomir"]
[Black "Nguyen, Piotr"]
[Result "1-0"]
[WhiteElo "2235"]
[BlackElo "2283"]
[PlyCount "107"]
[EventDate "2007.??.??"]

1. d4 g6 2. g3 Bg7 3. Bg2 f5 4. c3 Nf6 5. Bg5 Nc6 6. Bxf6 Bxf6 7. f4 e6 8. Nd2
O-O 9. Ngf3 d6 10. Qb3 Kg7 11. O-O-O Qe8 12. e4 e5 13. d5 Na5 14. Qb4 b6 15.
Rhe1 Nb7 16. exf5 gxf5 17. fxe5 dxe5 18. Nxe5 Nc5 19. Ndf3 a5 20. Qf4 a4 21.
Nd3 Ne4 22. a3 Qb5 23. Nb4 Qc5 24. Qe3 Nf2 25. Rd2 Ne4 26. Rc2 Bb7 27. c4 Rae8
28. Qxc5 Nxc5 29. Rce2 Ne4 30. Kc2 Kf7 31. Bh3 Bc8 32. Nc6 Nd6 33. Nfe5+ Kg7
34. b3 Ne4 35. Nd3 axb3+ 36. Kxb3 Bd7 37. Bg2 Bc3 38. Rd1 Bf6 39. Ree1 Nd6 40.
Nf4 Nb7 41. Nh5+ Kg6 42. Nxf6 Kxf6 43. Nd4 Ra8 44. d6 Ba4+ 45. Kb2 Nxd6 46.
Bxa8 Bxd1 47. Re6+ Kg5 48. Rxd6 Rxa8 49. Ne6+ Kg4 50. Rxd1 Kh3 51. Rd2 h6 52.
Nxc7 Rc8 53. Nd5 Rxc4 54. Nxb6 1-0

[Event "Konik Morski Rewala OPEN A"]
[Site "Rewal"]
[Date "2007.08.29"]
[Round "9.22"]
[White "Tokarski, Bartosz"]
[Black "Toma, Katarzyna"]
[Result "1/2-1/2"]
[WhiteElo "2100"]
[BlackElo "2275"]
[PlyCount "67"]
[EventDate "2007.??.??"]

1. e4 c5 2. Nf3 Nc6 3. d4 cxd4 4. Nxd4 Nf6 5. Nc3 e5 6. Ndb5 d6 7. Bg5 a6 8.
Na3 b5 9. Nd5 Be7 10. Bxf6 Bxf6 11. c3 Ne7 12. Nxf6+ gxf6 13. g3 Bb7 14. Bg2 f5
15. Qe2 Qb6 16. O-O-O O-O-O 17. f4 Qc6 18. Rhe1 fxe4 19. Bxe4 Qxe4 20. Qxe4
Bxe4 21. Rxe4 f5 22. Re2 e4 23. Nc2 d5 24. Red2 Rd6 25. Ne3 Rhd8 26. Rd4 Kc7
27. b3 Kc6 28. Kc2 h5 29. R1d2 Kc5 30. Kd1 Kc6 31. Kc2 a5 32. a3 Rh8 33. Kb2
Rhd8 34. Kc2 1/2-1/2

[Event "Konik Morski Rewala OPEN A"]
[Site "Rewal"]
[Date "2007.08.29"]
[Round "9.23"]
[White "Kalvaitis, Sigitas"]
[Black "Bebel, Arkadiusz"]
[Result "1-0"]
[WhiteElo "2267"]
[BlackElo "2142"]
[PlyCount "55"]
[EventDate "2007.??.??"]

1. e4 c5 2. Nf3 e6 3. c3 d5 4. e5 Nc6 5. d4 Qb6 6. a3 f6 7. b4 cxd4 8. cxd4 a6
9. Bd3 fxe5 10. dxe5 Nge7 11. O-O g6 12. Be3 Qd8 13. Qe2 Bg7 14. Bc5 O-O 15.
Bd6 Rxf3 16. Qxf3 Nxe5 17. Bxe5 Bxe5 18. Ra2 Qd6 19. h3 Bd4 20. Nd2 e5 21. Rd1
Be6 22. Qg3 Rd8 23. Nf3 Bc3 24. Ng5 Bd4 25. Nf3 Bc3 26. Re2 Nf5 27. Bxf5 Bxf5
28. Nh4 1-0

[Event "Konik Morski Rewala OPEN A"]
[Site "Rewal"]
[Date "2007.08.29"]
[Round "9.24"]
[White "Taddei, Benoit"]
[Black "Klim, Kamil"]
[Result "0-1"]
[WhiteElo "2247"]
[BlackElo "2126"]
[PlyCount "92"]
[EventDate "2007.??.??"]

1. e4 c5 2. Nf3 Nc6 3. d4 cxd4 4. Nxd4 Nf6 5. Nc3 d6 6. Bg5 e6 7. Qd2 a6 8.
O-O-O Bd7 9. f4 b5 10. Bxf6 gxf6 11. Kb1 Rc8 12. f5 h5 13. fxe6 fxe6 14. Nxc6
Bxc6 15. Qd3 Qc7 16. Qh3 Bd7 17. Bd3 Qc5 18. e5 f5 19. g4 fxg4 20. Bg6+ Kd8 21.
Qd3 Qxe5 22. Rhe1 Qg7 23. Be4 Rc7 24. Bg2 Be7 25. Qe4 Bc6 26. Qe2 Rh6 27. Ne4
d5 28. Qe3 Kc8 29. Nc5 d4 30. Qa3 Bxg2 31. Qxa6+ Bb7 32. Nxb7 Rxb7 33. Rxe6
Rxe6 34. Qxe6+ Kb8 35. Qe4 Bd6 36. Qe8+ Ka7 37. Qxh5 Kb6 38. c3 Re7 39. cxd4
Qh7+ 40. Qxh7 Rxh7 41. Rg1 Rh4 42. Rg2 Bxh2 43. Kc2 Bd6 44. Kd3 g3 45. Ke3 Rh2
46. Kf3 Rxg2 0-1

[Event "Konik Morski Rewala OPEN A"]
[Site "Rewal"]
[Date "2007.08.29"]
[Round "9.25"]
[White "Budrewicz, Krzysztof"]
[Black "Diczew, Filip"]
[Result "1-0"]
[WhiteElo "2224"]
[BlackElo "2112"]
[PlyCount "131"]
[EventDate "2007.??.??"]

1. d4 Nf6 2. c4 c6 3. Nc3 g6 4. Nf3 Bg7 5. Bg5 d6 6. e4 Nbd7 7. Be2 h6 8. Be3
O-O 9. O-O e5 10. dxe5 dxe5 11. Nd2 Qe7 12. Rb1 Rd8 13. Qa4 Nc5 14. Qa3 Bf8 15.
Rfd1 Bg4 16. f3 Be6 17. Nb3 Nfd7 18. Nxc5 Nxc5 19. b4 Rxd1+ 20. Rxd1 Nd7 21.
Nd5 cxd5 22. cxd5 Bxd5 23. Rxd5 b6 24. Qc1 Nf6 25. Rd1 Qxb4 26. Qc6 Qa3 27. Bf2
Re8 28. Qxf6 Re6 29. Qd8 Qxa2 30. Qd2 Qa4 31. Rc1 Kg7 32. Qc2 Qa5 33. Qc7 Re7
34. Qd8 Re6 35. Rc8 Qa3 36. h3 Qe7 37. Qxe7 Rxe7 38. Bb5 a5 39. Rc6 Rb7 40. Kf1
a4 41. Bxa4 b5 42. Bb3 Be7 43. Ke2 Rd7 44. Bd5 b4 45. Bc5 Bg5 46. Bxb4 Ra7 47.
Bd2 Bd8 48. Be3 Rd7 49. Ra6 g5 50. Ra7 Rxa7 51. Bxa7 Kg6 52. g4 Be7 53. Bb8 f6
54. Kd3 h5 55. Kc4 hxg4 56. hxg4 Kg7 57. Kb5 Kf8 58. Kc6 Ke8 59. Bc4 Bb4 60.
Bd6 Ba5 61. Kd5 Kf7 62. Bb5 Bb6 63. Kc6 Ba5 64. Kd7 Bb6 65. Bc4+ Kg6 66. Ke6
1-0

[Event "Konik Morski Rewala OPEN A"]
[Site "Rewal"]
[Date "2007.08.29"]
[Round "9.26"]
[White "Dudys, Jakub"]
[Black "Llanezavega, Patricia"]
[Result "0-1"]
[WhiteElo "2162"]
[BlackElo "2298"]
[PlyCount "58"]
[EventDate "2007.??.??"]

1. e4 c5 2. Nf3 Nc6 3. d4 cxd4 4. Nxd4 Nf6 5. Nc3 e5 6. Ndb5 d6 7. a4 a6 8. Na3
Bg4 9. f3 Be6 10. Bc4 Rc8 11. Bg5 Be7 12. Rb1 Nd4 13. Bxf6 Bxf6 14. Nd5 Bh4+
15. g3 Qg5 16. Kf2 O-O 17. Ne3 Bxc4 18. Naxc4 f5 19. exf5 Nxf5 20. Nxf5 Qxf5
21. Ne3 Qh5 22. Qd5+ Rf7 23. gxh4 Rc5 24. Qe4 Rf4 25. Qxb7 d5 26. Rhe1 Rxc2+
27. Kg1 Qg6+ 28. Kh1 Rxh2+ 29. Kxh2 Rxh4# 0-1

[Event "Konik Morski Rewala OPEN A"]
[Site "Rewal"]
[Date "2007.08.29"]
[Round "9.27"]
[White "Szymanski, Andrzej"]
[Black "Mazalon, Mariusz"]
[Result "1/2-1/2"]
[WhiteElo "2251"]
[BlackElo "2158"]
[PlyCount "120"]
[EventDate "2007.??.??"]

1. d4 g6 2. c4 Bg7 3. Nc3 d6 4. e4 Nd7 5. Nf3 e5 6. d5 Ngf6 7. Be2 O-O 8. Bg5
h6 9. Be3 Ng4 10. Bc1 Ngf6 11. O-O Nh7 12. g3 Ng5 13. Nxg5 hxg5 14. Be3 Bf6 15.
b4 Kg7 16. c5 Rh8 17. Qd2 Rh7 18. f3 Be7 19. cxd6 cxd6 20. Rac1 f5 21. exf5
gxf5 22. f4 gxf4 23. gxf4 Nf6 24. Rf2 Kh8 25. Kh1 Bd7 26. Rg2 a6 27. Rcg1 Rc8
28. Bf3 Qc7 29. Rc1 Qb8 30. Qb2 Rh3 31. Qf2 Rc4 32. Rg6 Qe8 33. Qg2 Rh7 34. Be2
Rc8 35. Rg3 Qf7 36. Bd2 Ng4 37. Bxg4 fxg4 38. fxe5 dxe5 39. Rf1 Qg6 40. Qe2 Rh5
41. Ne4 Bb5 42. Rd3 g3 43. Rc1 Rxc1+ 44. Bxc1 Rxh2+ 45. Qxh2+ gxh2 46. Rh3+ Kg7
47. Rg3 Qxg3 48. Nxg3 Bxb4 49. Bb2 Bc4 50. a3 Bxd5+ 51. Kxh2 Bd2 52. Bxe5+ Kf7
53. Bb2 Ke6 54. Kg1 Be3+ 55. Kf1 Bf3 56. Ke1 b5 57. Nf1 Bh6 58. Nd2 Bd5 59. Kd1
Kd6 60. Kc2 Kc6 1/2-1/2

[Event "Konik Morski Rewala OPEN A"]
[Site "Rewal"]
[Date "2007.08.29"]
[Round "9.28"]
[White "Gola, Karol"]
[Black "Helstroffer, Arnaud"]
[Result "1-0"]
[WhiteElo "2141"]
[BlackElo "2234"]
[PlyCount "131"]
[EventDate "2007.??.??"]

1. e4 e6 2. d4 d5 3. exd5 exd5 4. Nf3 Bg4 5. h3 Bh5 6. Qe2+ Qe7 7. Be3 Nc6 8.
Nc3 O-O-O 9. g4 Bg6 10. O-O-O Nb4 11. Ne1 Qd7 12. a3 Nc6 13. Bg2 Nge7 14. Nd3
Bxd3 15. Qxd3 Na5 16. h4 Kb8 17. Qb5 Qxb5 18. Nxb5 Nc4 19. Bf4 Rd7 20. g5 Nc8
21. Bh3 Re7 22. Bxc8 Kxc8 23. Nxa7+ Kd7 24. Nb5 c6 25. Nc3 Re6 26. Rhe1 Be7 27.
Rxe6 fxe6 28. Bg3 h6 29. gxh6 Rxh6 30. Ne2 Rh5 31. Rg1 g5 32. hxg5 Bxg5+ 33.
Bf4 Bf6 34. c3 b5 35. Kc2 Rh3 36. Rg3 Rh1 37. Nc1 e5 38. dxe5 Nxe5 39. Bxe5
Bxe5 40. Rg6 Rf1 41. Nd3 Bd6 42. Rf6 Ke7 43. Rf3 Kd7 44. b4 Ra1 45. Kb2 Rd1 46.
Re3 Bf8 47. Rh3 Kc7 48. Rf3 Bd6 49. Kc2 Ra1 50. Rf7+ Kb6 51. Rd7 Bf8 52. Rf7
Bd6 53. Rf6 Ra2+ 54. Nb2 Be5 55. Re6 Bg7 56. Kb3 Ra1 57. Nd3 Rb1+ 58. Kc2 Ra1
59. Nc5 Rxa3 60. Re7 Ra7 61. Nd7+ Kc7 62. Ne5+ Kb6 63. Rxa7 Kxa7 64. Nxc6+ Kb6
65. Ne7 Kc7 66. Nxd5+ 1-0

[Event "Konik Morski Rewala OPEN A"]
[Site "Rewal"]
[Date "2007.08.29"]
[Round "9.29"]
[White "Kunicki, Michal"]
[Black "Stoma, Pawel"]
[Result "0-1"]
[WhiteElo "2120"]
[BlackElo "2233"]
[PlyCount "36"]
[EventDate "2007.??.??"]

1. d4 d5 2. c4 Nc6 3. Nc3 e5 4. cxd5 Nxd4 5. e3 Nf5 6. Nf3 Bd6 7. e4 Nfe7 8.
Nd2 a6 9. a4 f5 10. f3 Nf6 11. Be2 O-O 12. O-O Bc5+ 13. Kh1 Ng6 14. Nc4 f4 15.
Bd3 Nh5 16. Ne2 Qg5 17. Qe1 Nh4 18. g3 Bh3 0-1

[Event "Konik Morski Rewala OPEN A"]
[Site "Rewal"]
[Date "2007.08.29"]
[Round "9.30"]
[White "Gluszko, Tomasz"]
[Black "Wieclaw, Michal"]
[Result "0-1"]
[WhiteElo "2119"]
[BlackElo "2228"]
[PlyCount "62"]
[EventDate "2007.??.??"]

1. d4 c5 2. e4 cxd4 3. Nf3 a6 4. c3 dxc3 5. Nxc3 Nc6 6. Bc4 e6 7. O-O b5 8. Bb3
Bb7 9. Qe2 Nge7 10. Rd1 Ng6 11. Ng5 Be7 12. Bxe6 fxe6 13. Nxe6 dxe6 14. Rxd8+
Rxd8 15. Be3 O-O 16. h4 Nge5 17. b3 Bf6 18. f3 Nd3 19. Rd1 Bxc3 20. Rxd3 b4 21.
Rxd8 Rxd8 22. Qc4 Kf7 23. Kf2 Ne5 24. Qc7+ Rd7 25. Qb8 Nd3+ 26. Ke2 Bc6 27. Qh8
h6 28. Qh7 Bb5 29. Bxh6 Nf4+ 30. Kf2 Rd2+ 31. Kg3 Rxg2+ 0-1

[Event "Konik Morski Rewala OPEN A"]
[Site "Rewal"]
[Date "2007.08.29"]
[Round "9.31"]
[White "Andrenko, Irina"]
[Black "Christensen, Bo Garner"]
[Result "0-1"]
[WhiteElo "2108"]
[BlackElo "2223"]
[PlyCount "152"]
[EventDate "2007.??.??"]

1. e4 e5 2. Nf3 Nc6 3. Bc4 Bc5 4. c3 Nf6 5. d3 d6 6. Nbd2 O-O 7. Nf1 d5 8. exd5
Nxd5 9. Bg5 Qd6 10. Ng3 Bb6 11. Ne4 Qd7 12. Qd2 f6 13. Bh4 Kh8 14. O-O Nf4 15.
Bg3 g5 16. b4 Qg4 17. a4 a5 18. b5 Ne7 19. Bb3 Neg6 20. Bd1 Qf5 21. c4 Ne6 22.
Rc1 g4 23. Nh4 Nxh4 24. Bxh4 Bc5 25. Nxc5 Nxc5 26. d4 exd4 27. Qxd4 b6 28. Bc2
Qe6 29. Rfe1 Qf7 30. Re3 Be6 31. Rce1 Rad8 32. Qf4 Rd6 33. g3 Kg7 34. f3 Rfd8
35. fxg4 Rd4 36. Qf3 Rxc4 37. Bf5 Rd6 38. Qe2 Bxf5 39. Re7 Be6 40. Rxf7+ Kxf7
41. g5 Kg6 42. gxf6 Re4 43. Qc2 Bf5 44. Rxe4 Bxe4 45. Qc1 h6 46. g4 Rd3 47. f7
Kxf7 48. Qxh6 Rf3 49. Qh5+ Ke6 50. Qe8+ Kd5 51. Qc6+ Kc4 52. Qxc7 Kd3 53. h3
Rxh3 54. Kf2 Kd2 55. Bg5+ Kd1 56. Kg1 Nd3 57. Qh2 Rxh2 58. Kxh2 Nb2 59. Bd8
Nxa4 60. Kg3 Bd3 61. g5 Bxb5 62. g6 Bc4 63. Kf4 Kc2 64. Ke3 Kc3 65. g7 Bg8 66.
Ke4 Kb4 67. Kd4 Kb5 68. Bg5 Nc5 69. Bf6 Nd7 70. Be7 Ka6 71. Kc3 b5 72. Bd6 Kb7
73. Ba3 Nb6 74. Bf8 Kc6 75. Ba3 b4+ 76. Bxb4 Nd5+ 0-1

[Event "Konik Morski Rewala OPEN A"]
[Site "Rewal"]
[Date "2007.08.29"]
[Round "9.32"]
[White "Gasik, Anna"]
[Black "Tofil, Borys"]
[Result "1/2-1/2"]
[WhiteElo "2214"]
[BlackElo "2148"]
[PlyCount "58"]
[EventDate "2007.??.??"]

1. e4 d6 2. d4 Nf6 3. Nc3 g6 4. f4 Bg7 5. Nf3 O-O 6. Bd3 Nc6 7. O-O Bg4 8. e5
dxe5 9. dxe5 Nd5 10. Nxd5 Qxd5 11. h3 Be6 12. Qe1 Bf5 13. Bxf5 gxf5 14. Be3 f6
15. exf6 Bxf6 16. c3 Kh8 17. Rf2 Rg8 18. Qd2 Qe4 19. Re1 Rad8 20. Qc2 Qxc2 21.
Rxc2 h5 22. Nd4 Bxd4 23. Bxd4+ Nxd4 24. cxd4 Rd7 25. Re5 Rf8 26. d5 h4 27. b4
Kg7 28. Kf2 Rf6 29. Rce2 Kf7 1/2-1/2

[Event "Konik Morski Rewala OPEN A"]
[Site "Rewal"]
[Date "2007.08.29"]
[Round "9.33"]
[White "Siwiec, Arkadiusz"]
[Black "Wozniak, Maciej"]
[Result "1/2-1/2"]
[WhiteElo "2048"]
[BlackElo "2180"]
[PlyCount "96"]
[EventDate "2007.??.??"]

1. e4 e5 2. Nf3 Nc6 3. Bb5 a6 4. Ba4 Nf6 5. O-O Be7 6. Re1 b5 7. Bb3 O-O 8. h3
Bb7 9. d3 d6 10. a3 Nb8 11. Nc3 Nbd7 12. Ba2 c5 13. Nh2 Nb6 14. Ng4 Nxg4 15.
Qxg4 Bc8 16. Qh5 Be6 17. Bxe6 fxe6 18. Re3 Bh4 19. g3 Qf6 20. Nd1 Bg5 21. Re1
Bxc1 22. Rxc1 Ra7 23. Kg2 Raf7 24. Rf1 d5 25. Qe2 Qg5 26. Ne3 d4 27. h4 Qg6 28.
Ng4 Nd7 29. f3 Kh8 30. a4 b4 31. Rf2 Qh5 32. Rcf1 g5 33. Rh1 gxh4 34. Rxh4 Qg5
35. Rf1 Rg7 36. Rfh1 Nf6 37. R1h3 Nxg4 38. Rxg4 Qc1 39. Rxg7 Kxg7 40. b3 Rf6
41. Rh1 Qg5 42. Qe1 Rg6 43. Rg1 Rh6 44. Qc1 Qg6 45. Qe1 Rh5 46. Qc1 Rg5 47. Kf2
Rh5 48. Kg2 Rg5 1/2-1/2

[Event "Konik Morski Rewala OPEN A"]
[Site "Rewal"]
[Date "2007.08.29"]
[Round "9.34"]
[White "Pieczonka, Marcin"]
[Black "Majcher, Marcin"]
[Result "0-1"]
[WhiteElo "2055"]
[BlackElo "2163"]
[PlyCount "106"]
[EventDate "2007.??.??"]

1. e4 c5 2. Nf3 d6 3. d4 cxd4 4. Nxd4 Nf6 5. Nc3 a6 6. f3 e5 7. Nb3 Be6 8. Be3
Be7 9. Qd2 O-O 10. O-O-O Nbd7 11. g4 b5 12. Kb1 b4 13. Na4 a5 14. h4 Qc7 15.
Bb5 Rfb8 16. Qe2 Qb7 17. c4 bxc3 18. Nxc3 a4 19. Nc1 Ra5 20. Bxd7 Nxd7 21. h5
Nb6 22. g5 Qc6 23. Bxb6 Rxb6 24. Qd2 Rc5 25. Nd5 Bxd5 26. exd5 Qb7 27. Rhg1
Rxd5 28. Nd3 a3 29. Qc3 axb2 30. g6 Rd4 31. gxf7+ Kxf7 32. f4 Rc6 33. Qa3 e4
34. Nf2 Rdc4 35. Qb3 Qxb3 36. axb3 Rc1+ 37. Rxc1 Rxc1+ 38. Rxc1 bxc1=Q+ 39.
Kxc1 d5 40. Kd2 Bb4+ 41. Ke2 Ke6 42. Ng4 d4 43. h6 gxh6 44. Nxh6 Bf8 45. Ng4
Kf5 46. Ne5 Kxf4 47. Nd7 Bb4 48. Nb6 d3+ 49. Kd1 Kf3 50. Nd5 Bd6 51. Kd2 Bf4+
52. Kc3 Be5+ 53. Kd2 h5 0-1

[Event "Konik Morski Rewala OPEN A"]
[Site "Rewal"]
[Date "2007.08.29"]
[Round "9.35"]
[White "Zurkowski, Andrzej"]
[Black "Jagodzinski, Piotr"]
[Result "1/2-1/2"]
[WhiteElo "2015"]
[BlackElo "2120"]
[PlyCount "122"]
[EventDate "2007.??.??"]

1. d4 Nf6 2. c4 c5 3. d5 b5 4. cxb5 a6 5. f3 d6 6. e4 g6 7. Nc3 Bg7 8. Bc4 O-O
9. Nge2 Nbd7 10. bxa6 Bxa6 11. Bxa6 Rxa6 12. Qc2 Qb6 13. Be3 Rb8 14. Rb1 Qa5
15. O-O Ne5 16. b3 Ne8 17. h3 Nc7 18. a4 Rab6 19. Rb2 Qa6 20. Rbb1 Qd3 21. Qxd3
Nxd3 22. Rfd1 Nb4 23. Rd2 Nba6 24. Rdb2 R6b7 25. Bc1 Kf8 26. Kf2 e6 27. dxe6
fxe6 28. Bf4 Ke7 29. Rd2 e5 30. Bg5+ Ke6 31. Rbd1 Bf8 32. Nc1 Nb4 33. Be3 Nc6
34. N3e2 Ne8 35. g3 Na5 36. Nc3 Nxb3 37. Nxb3 Rxb3 38. Nb5 Ra8 39. Rd3 Rxd3 40.
Rxd3 Rxa4 41. Rd2 Ra5 42. Rb2 Kd7 43. Nc3 Nc7 44. Rb6 Be7 45. f4 Ra3 46. Bd2
exf4 47. gxf4 Bf6 48. e5 Bh4+ 49. Ke2 dxe5 50. fxe5 Ne6 51. Rd6+ Ke7 52. Nd5+
Kf7 53. Rd7+ Ke8 54. Rxh7 Nd4+ 55. Kf1 Rf3+ 56. Kg1 Ne2+ 57. Kg2 Rf2+ 58. Kh1
Bg3 59. Nf6+ Kd8 60. Ba5+ Kc8 61. Rc7+ Kb8 1/2-1/2

[Event "Konik Morski Rewala OPEN A"]
[Site "Rewal"]
[Date "2007.08.29"]
[Round "9.36"]
[White "Pazdziora, Michal"]
[Black "Pacak, Mateusz"]
[Result "1-0"]
[WhiteElo "2205"]
[BlackElo "1885"]
[PlyCount "71"]
[EventDate "2007.??.??"]

1. d4 e6 2. Nf3 d5 3. g3 Nf6 4. Bg2 c5 5. c4 Nc6 6. cxd5 Nxd5 7. O-O cxd4 8.
Nxd4 e5 9. Nxc6 bxc6 10. Nc3 Bb7 11. Qa4 Nb6 12. Bxc6+ Bxc6 13. Qxc6+ Qd7 14.
Qxd7+ Kxd7 15. Rd1+ Kc6 16. Be3 Rc8 17. Rac1 Kb7 18. Bxb6 axb6 19. Rd7+ Ka6 20.
Rxf7 Bc5 21. Rxg7 Rhf8 22. e3 Bb4 23. Rxh7 Bxc3 24. Rxc3 Rxc3 25. bxc3 Rc8 26.
h4 Rxc3 27. h5 Ra3 28. Rh8 Kb5 29. h6 Rxa2 30. Rg8 Ra7 31. g4 Kc4 32. g5 Rh7
33. Rg7 Rh8 34. h7 b5 35. g6 b4 36. Rg8 1-0

[Event "Konik Morski Rewala OPEN A"]
[Site "Rewal"]
[Date "2007.08.29"]
[Round "9.37"]
[White "Stachanczyk, Jacek"]
[Black "Janczarski, Michal"]
[Result "1/2-1/2"]
[WhiteElo "2186"]
[BlackElo "2088"]
[PlyCount "61"]
[EventDate "2007.??.??"]

1. e4 c5 2. Nf3 e6 3. d4 cxd4 4. Nxd4 a6 5. Bd3 Nf6 6. Nc3 Qc7 7. O-O b5 8. Re1
b4 9. Na4 d5 10. exd5 Nxd5 11. c4 Nf6 12. Bd2 Bd6 13. h3 O-O 14. c5 Bh2+ 15.
Kh1 Rd8 16. Bxb4 Rxd4 17. Bxh7+ Nxh7 18. Qxd4 Nc6 19. Qc4 Nxb4 20. Qxb4 Bb7 21.
Qb6 Rb8 22. Qxc7 Bxc7 23. b3 Bc6 24. Nc3 Rb4 25. Rab1 Ng5 26. Kg1 Rh4 27. f3
Ba5 28. Rec1 e5 29. a3 Bxc3 30. Rxc3 Ne6 31. Kf2 1/2-1/2

[Event "Konik Morski Rewala OPEN A"]
[Site "Rewal"]
[Date "2007.08.29"]
[Round "9.38"]
[White "Wandzik, Wojciech"]
[Black "Rawicz, Karol"]
[Result "0-1"]
[WhiteElo "2009"]
[BlackElo "2170"]
[PlyCount "112"]
[EventDate "2007.??.??"]

1. e4 e5 2. Nf3 Nc6 3. Bc4 Bc5 4. c3 Nf6 5. d4 exd4 6. cxd4 Bb4+ 7. Nc3 Nxe4 8.
O-O Bxc3 9. d5 Bf6 10. Re1 O-O 11. Rxe4 Ne7 12. d6 cxd6 13. Bd5 Rb8 14. Bf4
Nxd5 15. Qxd5 b6 16. Qxd6 Bb7 17. Re2 Rc8 18. Rae1 Rc6 19. Qa3 Re6 20. Qxa7 Qa8
21. Qxa8 Rxa8 22. a3 Bxf3 23. gxf3 Bxb2 24. Rxe6 fxe6 25. Rb1 Bxa3 26. Rxb6 Rf8
27. Bd6 Bxd6 28. Rxd6 Rf7 29. f4 Kf8 30. Kg2 Ke7 31. Rd4 Kf6 32. h4 d5 33. Kf3
Rc7 34. Kg4 Rc4 35. Rd2 h5+ 36. Kg3 Kf5 37. Ra2 Rxf4 38. f3 g5 39. hxg5 h4+ 40.
Kf2 Kxg5 41. Ra8 Rf6 42. Rh8 Rh6 43. Rg8+ Kf4 44. Rg4+ Ke5 45. Ke3 h3 46. f4+
Kf6 47. Rg1 h2 48. Rh1 Kf5 49. Kf3 d4 50. Kg3 d3 51. Kf3 Rh7 52. Ke3 Rh3+ 53.
Kf2 Kxf4 54. Rc1 e5 55. Rc6 h1=Q 56. Rf6+ Ke4 0-1

[Event "Konik Morski Rewala OPEN A"]
[Site "Rewal"]
[Date "2007.08.29"]
[Round "9.39"]
[White "Tsifanskaya, Ludmila A"]
[Black "Baumann, Dariusz"]
[Result "1/2-1/2"]
[WhiteElo "2170"]
[BlackElo "2050"]
[PlyCount "148"]
[EventDate "2007.??.??"]

1. e4 c5 2. Nf3 Nc6 3. c3 Nf6 4. e5 Nd5 5. d4 cxd4 6. Bc4 Nb6 7. Bb3 d5 8. exd6
Qxd6 9. O-O Bf5 10. Na3 a6 11. Nxd4 Nxd4 12. cxd4 e6 13. Qf3 Qd7 14. Nc4 Nxc4
15. Bxc4 Rc8 16. Bb3 Bd6 17. Bf4 Bxf4 18. Qxf4 O-O 19. Rac1 h6 20. h3 Rfd8 21.
Rfd1 Rxc1 22. Rxc1 b6 23. Rd1 Qd6 24. Qf3 Bg6 25. d5 exd5 26. Rxd5 Qe7 27.
Rxd8+ Qxd8 28. Qc6 Kh7 29. Qb7 Qg5 30. Qxb6 Be4 31. f3 Bxf3 32. Qf2 Bh5 33.
Bc2+ Bg6 34. Bxg6+ Qxg6 35. a4 f6 36. a5 Qe4 37. Qd2 h5 38. b4 h4 39. Qd6 Qc4
40. Qc5 Qe4 41. Qd6 Qc4 42. Kh2 Kg6 43. Qb8 Kf7 44. b5 Ke7 45. bxa6 Qxa6 46.
Qb4+ Kd7 47. Qxh4 Qxa5 48. Qg4+ f5 49. Qxg7+ Ke6 50. Qg6+ Ke7 51. Qg5+ Kf7 52.
Qf4 Kg6 53. h4 Kh7 54. Kh3 Qa3+ 55. g3 Qc5 56. h5 Qd5 57. Kh4 Qd8+ 58. Qg5 Qd4+
59. Kh3 Qd5 60. Qg6+ Kh8 61. Qf6+ Kg8 62. Qg6+ Kh8 63. Kh4 Qd8+ 64. Qg5 Qd4+
65. Qf4 Qd8+ 66. Kh3 Qd5 67. Kh2 Qa2+ 68. Kg1 Qb1+ 69. Kg2 Qd3 70. Qf3 Qd2+ 71.
Kh3 Qg5 72. Qe2 Kh7 73. Qe8 Qg4+ 74. Kg2 Kh6 1/2-1/2

[Event "Konik Morski Rewala OPEN A"]
[Site "Rewal"]
[Date "2007.08.29"]
[Round "9.41"]
[White "Czaja, Roman"]
[Black "Kowalska, Sara"]
[Result "1/2-1/2"]
[WhiteElo "2146"]
[BlackElo "1867"]
[PlyCount "116"]
[EventDate "2007.??.??"]

1. d4 d5 2. c4 e6 3. Nc3 Nf6 4. Nf3 Nbd7 5. Bg5 Be7 6. e3 b6 7. cxd5 exd5 8.
Bd3 Bb7 9. Rc1 O-O 10. O-O c5 11. Ne2 Re8 12. Ng3 Ne4 13. Bxe7 Qxe7 14. dxc5
Nxg3 15. hxg3 bxc5 16. Qc2 h6 17. Bb5 Rac8 18. Qa4 Red8 19. Bxd7 Rxd7 20. Qxa7
d4 21. Qa3 Ra8 22. Qxc5 Qxc5 23. Rxc5 dxe3 24. fxe3 Rxa2 25. Rb5 Kh7 26. Rb6
Rc7 27. Nd4 Ba6 28. Re1 Rb7 29. Rxb7 Bxb7 30. Re2 Ra1+ 31. Kf2 Ba6 32. Rc2 Bd3
33. Rd2 Be4 34. g4 Kg6 35. Kg3 Kg5 36. Nf3+ Bxf3 37. gxf3 Rg1+ 38. Kf2 Rb1 39.
Rd5+ Kf6 40. Rb5 g6 41. Kg3 h5 42. f4 Rg1+ 43. Kf2 Rxg4 44. Rb6+ Kg7 45. b4 h4
46. Rc6 g5 47. fxg5 Rxb4 48. Kf3 Rb5 49. Kf4 Rb4+ 50. Kf3 Rb5 51. Kf4 Rb4+ 52.
e4 h3 53. Rh6 Rb3 54. Kg4 Re3 55. Kf5 Rf3+ 56. Kg4 Re3 57. Kf5 Rf3+ 58. Kg4 Re3
1/2-1/2